000
00256 a2200097 4500
020
_a
9789357327732
100
_a
Sanil P. Thomas
245
_a
Kalikalute ulpathy(കളികളുടെ ഉത്പത്തി)
260
_b
D C books
_c
2024
942
_c
OO
999
_c
115349
_d
115348